এন আনসেকায়েবল মাইন্ড অটল মন : (Record no. 10914)
[ view plain ]
| 000 -LEADER | |
|---|---|
| fixed length control field | 01043nam a2200265 a 4500 |
| 001 - CONTROL NUMBER | |
| JCCL Control Number | 10914 |
| 003 - CONTROL NUMBER IDENTIFIER | |
| JCCL marc code | BD-JhCC |
| 005 - DATE AND TIME OF LATEST TRANSACTION | |
| control field | 20220825134022.0 |
| 008 - FIXED-LENGTH DATA ELEMENTS--GENERAL INFORMATION | |
| fixed length control field | 190528b2018 bd ||||| a||| 00| 0 eng d |
| 020 ## - INTERNATIONAL STANDARD BOOK NUMBER | |
| International Standard Book Number | 9789849264202 |
| 035 ## - SYSTEM CONTROL NUMBER | |
| system control number | (BD-JhCC)10914 |
| 040 ## - CATALOGING SOURCE | |
| Original cataloging agency | BD-JhCC |
| Modifying agency | BD-JhCC |
| 041 ## - LANGUAGE CODE | |
| Language code of Book | ben |
| 082 ## - DEWEY DECIMAL CLASSIFICATION NUMBER | |
| Author mark and Year | OKA 2018 |
| Classification number | 291.44 |
| 100 ## - MAIN ENTRY--PERSONAL NAME | |
| Personal name | ওকাওয়া, রাউহো |
| 245 ## - TITLE STATEMENT | |
| Title | এন আনসেকায়েবল মাইন্ড অটল মন : |
| Remainder of title | জীবনের কঠিন সমস্যাগুলোকে জয় করার মানসিক প্রক্রিয়া / |
| Statement of responsibility, etc | রাউহো ওকাওয়া, রুদ্র রাইয়ান (অনু.) |
| 260 ## - PUBLICATION, DISTRIBUTION, ETC. (IMPRINT) | |
| Place of publication, distribution, etc | ঢাকা: |
| Name of publisher, distributor, etc | মুক্তদেশ; |
| Date of publication, distribution, etc | 2018. |
| 300 ## - PHYSICAL DESCRIPTION | |
| Pagination | 111 p. : |
| Dimensions | 21 cm. |
| 650 ## - SUBJECT ADDED ENTRY--TOPICAL TERM | |
| Topical term or geographic name as entry element | Maturation (Psychology) |
| Form subdivision | Religious aspects |
| 650 ## - SUBJECT ADDED ENTRY--TOPICAL TERM | |
| Topical term or geographic name as entry element | Self-confidence |
| 650 ## - SUBJECT ADDED ENTRY--TOPICAL TERM | |
| Topical term or geographic name as entry element | Spiritual life--Buddhism |
| 700 ## - ADDED ENTRY--PERSONAL NAME | |
| Personal name | রাইয়ান, রুদ্র |
| 942 ## - ADDED ENTRY ELEMENTS (KOHA) | |
| Source of classification or shelving scheme | Dewey Decimal Classification |
| Koha item type | Books |
| Koha issues (borrowed), all copies | 3 |
| Source of classification or shelving scheme | Damaged status | Not for loan | Home library | Current library | Shelving location | Date of accession | Cost, normal purchase price | Total Checkouts | Full call number | Barcode | Date last seen | Date checked out | Copy number | Koha item type |
|---|---|---|---|---|---|---|---|---|---|---|---|---|---|---|
| Dewey Decimal Classification | JCC Rouf Library | JCC Rouf Library | General Stacks | 06/26/2019 | 140.00 | 2 | 291.44 OKA 2018 | 14907 | 10/13/2022 | 08/25/2022 | C-1 | Books |